Partnerships for sustainable forest and tree resource management in Latin America: the new road towards successful forest governance? /
El libro expone una variedad de experiencias de asociación para la sostenibilidad y administración del recurso forestal en varios países de América Latina - Trinidad, Costa Rica, Nicaragua, Guyana, Brasil y Ecuador-. Antes de detallar esas lecciones de aprendizaje, este capítulo primero define y cla...
Uloženo v:
| Hlavní autor: | |
|---|---|
| Další autoři: | , |
| Médium: | Text |
| Témata: | |
| Tagy: |
Přidat tag
Žádné tagy, Buďte první, kdo vytvoří štítek k tomuto záznamu!
|
MARC
| LEADER | 00000 a a2200000 04500 | ||
|---|---|---|---|
| 001 | 9157 | ||
| 003 | |||
| 040 | |||
| 100 | |a A.F. Ros - Tonen, Mirjam | ||
| 245 | |a Partnerships for sustainable forest and tree resource management in Latin America: the new road towards successful forest governance? / |c Mirjam A.F. Ros - Tonen | ||
| 520 | |a El libro expone una variedad de experiencias de asociación para la sostenibilidad y administración del recurso forestal en varios países de América Latina - Trinidad, Costa Rica, Nicaragua, Guyana, Brasil y Ecuador-. Antes de detallar esas lecciones de aprendizaje, este capítulo primero define y clasifica varios tipos de asociación y análisis de cómo la asociación para el sostenimiento y administración del recurso forestal encaja en la corriente principal del pensamiento de la administración forestal, en el desarrollo general de paradigmas, en la política forestal y en la discusión académica en movimientos sociales e interacciones multi - espaciales | ||
| 650 | |a BOSQUES | ||
| 650 | |a GESTION AMBIENTAL | ||
| 650 | |a DESCENTRALIZACION | ||
| 650 | |a AMERICA LATINA | ||
| 650 | |a SECTOR PUBLICO | ||
| 650 | |a SECTOR PRIVADO | ||
| 650 | |a POLITICA FORESTAL | ||
| 650 | |a INDUSTRIA FORESTAL | ||
| 700 | |a Hombergh, Heleen van den | ||
| 700 | |a Zoomers, Annelies | ||
| 773 | |g número 94; páginas 3-35 | ||
| 999 | |c 25370 |d 25370 | ||
